Skid row in American cities. (Record no. 1847)
[ view plain ]
| 000 -LEADER | |
|---|---|
| fixed length control field | 00717nac a22002051u 4500 |
| 010 ## - LIBRARY OF CONGRESS CONTROL NUMBER | |
| LC control number | 62022329 |
| 035 ## - SYSTEM CONTROL NUMBER | |
| System control number | (OCoLC)881954 |
| 082 ## - DEWEY DECIMAL CLASSIFICATION NUMBER | |
| Classification number | 345 |
| Item number | B6757 |
| 090 ## - LOCALLY ASSIGNED LC-TYPE CALL NUMBER (OCLC); LOCAL CALL NUMBER (OCLC) | |
| -- | 1847 |
| -- | 1847 |
| 100 ## - MAIN ENTRY--PERSONAL NAME | |
| Personal name | Bogue, Donald Joseph, |
| 245 10 - TITLE STATEMENT | |
| Title | Skid row in American cities. |
| 260 ## - PUBLICATION, DISTRIBUTION, ETC. (IMPRINT) | |
| Place of publication, distribution, etc | [Chicago] |
| Name of publisher, distributor, etc | Community and Family Study Center, University of Chicago |
| Date of publication, distribution, etc | [1963] |
| 300 ## - PHYSICAL DESCRIPTION | |
| Extent | xiv, 521 p. |
| Other physical details | illus., maps, tables. |
| Dimensions | 25 cm. |
| 500 ## - GENERAL NOTE | |
| General note | Donations |
| 500 ## - GENERAL NOTE | |
| General note | Donations - Dr. Mostafa Gouda |
| 650 #0 - SUBJECT ADDED ENTRY--TOPICAL TERM | |
| Topical term or geographic name as entry element | Criminals |
| Geographic subdivision | United States. |
| 651 #0 - SUBJECT ADDED ENTRY--GEOGRAPHIC NAME | |
| Geographic name | United States |
| General subdivision | Social conditions. |
| 942 ## - ADDED ENTRY ELEMENTS (KOHA) | |
| Item type | Book - Borrowing |
| Call number prefix | 345B6757 |
| Withdrawn status | Item status | Damaged status | Not for loan | Home library | Current library | Shelving location | Date acquired | Source of acquisition | Total Checkouts | Full call number | Barcode | Date last seen | Koha item type |
|---|---|---|---|---|---|---|---|---|---|---|---|---|---|
| Central Library | Central Library | First floor | 18/12/2006 | Purchase | 345 BOG | 000002470 | 15/07/2025 | Book - Borrowing |